[Event "3. Ashdod International Chess Tournamen"]
[Site "Ashdod ISR"]
[Date "2006.09.11"]
[Round "1.1"]
[White "Zatulovskaya, Tatiana"]
[Black "Smirin, Ilia"]
[Result "0-1"]
[WhiteElo "2112"]
[BlackElo "2659"]
[PlyCount "40"]
[EventDate "2006.09.11"]
[EventType "swiss"]
[EventRounds "9"]
[EventCountry "ISR"]
[Source "lmi"]
[SourceDate "2006.09.11"]

1. e4 c5 2. Nc3 Nc6 3. g3 g6 4. Bg2 Bg7 5. d3 e5 6. Be3 d6 7. Qd2 Nd4 8. Nce2
Ne7 9. c3 Ne6 10. c4 f5 11. Nf3 O-O 12. O-O Nd4 13. Nfxd4 cxd4 14. Bg5 f4 15.
f3 h6 16. Bxe7 Qxe7 17. Rf2 h5 18. g4 Qh4 19. b3 Bd7 20. Qe1 Bc6 {............}
0-1

[Event "3. Ashdod International Chess Tournamen"]
[Site "Ashdod ISR"]
[Date "2006.09.11"]
[Round "1.2"]
[White "Sutovsky, Emil"]
[Black "Ettinger, Amir"]
[Result "1-0"]
[WhiteElo "2607"]
[BlackElo "2102"]
[PlyCount "71"]
[EventDate "2006.09.11"]
[EventType "swiss"]
[EventRounds "9"]
[EventCountry "ISR"]
[Source "lmi"]
[SourceDate "2006.09.11"]

1. e4 e5 2. Nf3 Nc6 3. Bb5 Nge7 4. c3 g6 5. d4 exd4 6. cxd4 a6 7. Bc4 b5 8. Bd3
Nb4 9. Be2 d5 10. e5 Nbc6 11. O-O Bg7 12. Bf4 h6 13. Nbd2 g5 14. Be3 Nf5 15.
Rc1 Na5 16. Qc2 Nc4 17. Nxc4 bxc4 18. b3 cxb3 19. axb3 Rb8 20. Bd3 Nxe3 21.
fxe3 O-O 22. Nd2 f6 23. exf6 Bxf6 24. Qxc7 Qxc7 25. Rxc7 Bg7 26. Rfc1 Bb7 27.
Rd7 Rfd8 28. Rxd8+ Rxd8 29. Rc7 Rb8 30. Rd7 Bf8 31. Bf5 Bb4 32. Nf3 a5 33. Ne5
Bd2 34. Rf7 Bxe3+ 35. Kh1 Kh8 36. Bh7 1-0

[Event "3. Ashdod International Chess Tournamen"]
[Site "Ashdod ISR"]
[Date "2006.09.11"]
[Round "1.3"]
[White "Gerchikov, Pavel"]
[Black "Ehlvest, Jaan"]
[Result "0-1"]
[WhiteElo "2087"]
[BlackElo "2593"]
[PlyCount "60"]
[EventDate "2006.09.11"]
[EventType "swiss"]
[EventRounds "9"]
[EventCountry "ISR"]
[Source "lmi"]
[SourceDate "2006.09.11"]

1. Nc3 c5 2. e4 Nc6 3. Nf3 e6 4. d4 cxd4 5. Nxd4 a6 6. Be2 Qc7 7. O-O Nf6 8.
Kh1 Be7 9. f4 d6 10. Bf3 Bd7 11. Nb3 O-O 12. Be3 b5 13. a3 Rab8 14. Qe2 Rfe8
15. Qf2 Bf8 16. Qh4 b4 17. axb4 Nxb4 18. Rfc1 e5 19. fxe5 dxe5 20. Ra5 Be6 21.
Nd5 Bxd5 22. exd5 e4 23. Bf4 Bd6 24. Rc5 Qe7 25. Bxd6 Qxd6 26. Bd1 Nfxd5 27.
Qg3 Qf6 28. h3 Nf4 29. Rc4 Nbd5 30. Nc5 Qxb2 0-1

[Event "3. Ashdod International Chess Tournamen"]
[Site "Ashdod ISR"]
[Date "2006.09.11"]
[Round "1.4"]
[White "Erenburg, Sergey"]
[Black "Rahmilevitz, Anton"]
[Result "1-0"]
[WhiteElo "2585"]
[BlackElo "2077"]
[PlyCount "45"]
[EventDate "2006.09.11"]
[EventType "swiss"]
[EventRounds "9"]
[EventCountry "ISR"]
[Source "lmi"]
[SourceDate "2006.09.11"]

1. e4 c5 2. Nf3 e6 3. d4 cxd4 4. Nxd4 a6 5. Bd3 Bc5 6. Nb3 Ba7 7. Qg4 Nf6 8.
Qg3 d6 9. Nc3 Nc6 10. Bg5 Bb8 11. f4 h6 12. Bh4 g5 13. fxg5 d5 14. Qf3 Nh7 15.
exd5 Ne5 16. Qe2 Nxd3+ 17. Qxd3 hxg5 18. Bg3 Nf6 19. Bxb8 Rxb8 20. Qg3 Bd7 21.
O-O-O Rh4 22. dxe6 fxe6 23. Nc5 1-0

[Event "3. Ashdod International Chess Tournamen"]
[Site "Ashdod ISR"]
[Date "2006.09.11"]
[Round "1.5"]
[White "Yudasina, Irina"]
[Black "Mikhalevski, Victor"]
[Result "0-1"]
[WhiteElo "2055"]
[BlackElo "2571"]
[PlyCount "88"]
[EventDate "2006.09.11"]
[EventType "swiss"]
[EventRounds "9"]
[EventCountry "ISR"]
[Source "lmi"]
[SourceDate "2006.09.11"]

1. e4 e5 2. c3 Nf6 3. Qe2 d5 4. d3 Nc6 5. h3 Be7 6. g4 dxe4 7. dxe4 Nd7 8. Nf3
a5 9. Be3 Bc5 10. Nbd2 Bxe3 11. Qxe3 Qe7 12. Bb5 Nd8 13. Nf1 c6 14. Be2 Ne6 15.
Ng3 g6 16. h4 Nf4 17. O-O-O Nf6 18. Nh2 Be6 19. Kb1 h5 20. g5 Nd7 21. Bf3 O-O-O
22. Ne2 Nxe2 23. Bxe2 Rde8 24. Rd2 Qc5 25. Qf3 Rhf8 26. Rhd1 f5 27. Bf1 fxe4
28. Qg3 Nb6 29. Rd6 Kb8 30. R1d2 Rf4 31. Ka1 a4 32. c4 Ref8 33. b4 axb3 34.
axb3 Kc7 35. Qc3 Ra8+ 36. Kb1 Ra3 37. Qb2 Bf5 38. b4 e3+ 39. R2d3 Rxd3 40. Bxd3
e2 41. Qxe2 Qxb4+ 42. Ka2 Qa5+ 43. Kb2 Na4+ 44. Kc2 Rxc4+ 0-1

[Event "3. Ashdod International Chess Tournamen"]
[Site "Ashdod ISR"]
[Date "2006.09.11"]
[Round "1.6"]
[White "Kogan, Artur"]
[Black "Vaisman, Felix"]
[Result "1-0"]
[WhiteElo "2567"]
[BlackElo "2128"]
[PlyCount "89"]
[EventDate "2006.09.11"]
[EventType "swiss"]
[EventRounds "9"]
[EventCountry "ISR"]
[Source "lmi"]
[SourceDate "2006.09.11"]

1. e4 c5 2. Nf3 d6 3. Nc3 a6 4. d4 cxd4 5. Nxd4 Nf6 6. Bc4 e6 7. Bb3 b5 8. Bg5
Nbd7 9. f4 Qc7 10. Qe2 Be7 11. Bxe6 fxe6 12. Nxe6 Qc4 13. Qxc4 bxc4 14. Nxg7+
Kf7 15. Nf5 Re8 16. O-O-O Bf8 17. Nxd6+ Bxd6 18. Rxd6 Nxe4 19. Nxe4 Rxe4 20.
Rhd1 Nc5 21. f5 Re5 22. g4 Ne4 23. Bf4 Re7 24. Rh6 Kg7 25. Re1 Raa7 26. Rc6 Bb7
27. Rxc4 Ba8 28. Rc8 Bd5 29. c4 Bb7 30. Rd8 Bc6 31. g5 Kf7 32. Rh8 Nc5 33.
Rxh7+ Ke8 34. Rh8+ Kf7 35. g6+ Kf6 36. Rxe7 Rxe7 37. Bd6 Re4 38. Rf8+ Kg7 39.
b3 Nd3+ 40. Kc2 Ne5 41. Rc8 Re2+ 42. Kc3 Bf3 43. Rc7+ Kg8 44. f6 Nxg6 45. Rg7+
1-0

[Event "3. Ashdod International Chess Tournamen"]
[Site "Ashdod ISR"]
[Date "2006.09.11"]
[Round "1.7"]
[White "Shwarchbard, Zvi"]
[Black "Lerner, Konstantin Z"]
[Result "0-1"]
[WhiteElo "2026"]
[BlackElo "2523"]
[PlyCount "60"]
[EventDate "2006.09.11"]
[EventType "swiss"]
[EventRounds "9"]
[EventCountry "ISR"]
[Source "lmi"]
[SourceDate "2006.09.11"]

1. e4 c5 2. Nf3 d6 3. d4 cxd4 4. Nxd4 Nf6 5. Nc3 a6 6. Bg5 e6 7. f4 Qc7 8. Qf3
b5 9. Bd3 b4 10. Nce2 Nbd7 11. O-O Bb7 12. Kh1 Be7 13. f5 e5 14. Nb3 d5 15.
Bxf6 Nxf6 16. Ng3 h5 17. exd5 h4 18. Ne4 Nxd5 19. h3 Nf4 20. Rac1 Rd8 21. Qg4
Kf8 22. Rcd1 a5 23. Nc1 Rd4 24. Rde1 Nh5 25. Rf2 Qb6 26. Rf3 Rxe4 27. Rxe4 Nf6
28. Qg5 Nxe4 29. Qe3 Bc5 30. Qe1 Bf2 0-1

[Event "3. Ashdod International Chess Tournamen"]
[Site "Ashdod ISR"]
[Date "2006.09.13"]
[Round "3.1"]
[White "Krush, Irina"]
[Black "Smirin, Ilia"]
[Result "1/2-1/2"]
[WhiteElo "2436"]
[BlackElo "2659"]
[PlyCount "80"]
[EventDate "2006.09.11"]
[EventType "swiss"]
[EventRounds "9"]
[EventCountry "ISR"]
[Source "lmi"]
[SourceDate "2006.09.11"]

1. d4 d6 2. c4 e5 3. Nf3 e4 4. Ng5 f5 5. Nc3 Be7 6. Nh3 c6 7. d5 Nf6 8. g3 Nbd7
9. Bg2 Nb6 10. Qb3 Nfd7 11. Qc2 Ne5 12. b3 cxd5 13. cxd5 Bd7 14. Bb2 Rc8 15.
Rd1 Bf6 16. O-O O-O 17. Nf4 Qe8 18. f3 e3 19. Qc1 Ng6 20. Nxg6 Qxg6 21. f4 Bb5
22. Bf3 Rfe8 23. Qa1 Ba6 24. Rc1 Qf7 25. a4 Nd7 26. b4 Bxc3 27. Bxc3 Bc4 28.
Bd4 a6 29. a5 Bxd5 30. Bxd5 Qxd5 31. Bxg7 Kf7 32. Rfd1 Qe6 33. Qd4 Rxc1 34.
Rxc1 Re7 35. Bh8 Nf6 36. Bxf6 Qxf6 37. Qd5+ Qe6 38. Qd4 Qf6 39. Qd5+ Qe6 40.
Qd4 Qf6 1/2-1/2

[Event "3. Ashdod International Chess Tournamen"]
[Site "Ashdod ISR"]
[Date "2006.09.13"]
[Round "3.2"]
[White "Sutovsky, Emil"]
[Black "Livshits, Gaby"]
[Result "1/2-1/2"]
[WhiteElo "2607"]
[BlackElo "2406"]
[PlyCount "82"]
[EventDate "2006.09.11"]
[EventType "swiss"]
[EventRounds "9"]
[EventCountry "ISR"]
[Source "lmi"]
[SourceDate "2006.09.11"]

1. e4 c5 2. Nf3 e6 3. d4 cxd4 4. Nxd4 a6 5. Nc3 b5 6. Bd3 Qb6 7. Nf3 Qc7 8. O-O
Bb7 9. Re1 b4 10. Na4 Nf6 11. Be3 Nc6 12. Bb6 Qb8 13. e5 Ng4 14. Qe2 d6 15.
exd6 Bxd6 16. Nc5 Bc8 17. Na4 Bxh2+ 18. Kh1 Bd6 19. Rad1 Nf6 20. Be4 Bb7 21.
Nc5 Bxc5 22. Bxc5 Qf4 23. Qc4 Nxe4 24. Rxe4 Qf5 25. Rf4 Qh5+ 26. Rh4 Qg6 27.
Rg4 Qh5+ 28. Kg1 h6 29. Rxg7 Ne5 30. Qd4 Nxf3+ 31. gxf3 Qd5 32. Bxb4 Rd8 33.
Bc3 Qxd4 34. Rxd4 Rxd4 35. Bxd4 h5 36. Bf6 Rh6 37. Bg5 Rg6 38. Rxg6 fxg6 39. f4
Be4 40. c3 Bb1 41. a3 Kd7 1/2-1/2

[Event "3. Ashdod International Chess Tournamen"]
[Site "Ashdod ISR"]
[Date "2006.09.13"]
[Round "3.3"]
[White "Paveliev, Alexey"]
[Black "Ehlvest, Jaan"]
[Result "0-1"]
[WhiteElo "2403"]
[BlackElo "2593"]
[PlyCount "90"]
[EventDate "2006.09.11"]
[EventType "swiss"]
[EventRounds "9"]
[EventCountry "ISR"]
[Source "lmi"]
[SourceDate "2006.09.11"]

1. e4 g6 2. d4 d6 3. Nf3 Bg7 4. c3 Nd7 5. Bc4 e6 6. h4 h6 7. Nbd2 Ngf6 8. Qe2
O-O 9. e5 dxe5 10. Nxe5 c5 11. Ndf3 cxd4 12. cxd4 Nb6 13. Bd3 Nbd5 14. g4 h5
15. g5 Ng4 16. Nxg4 hxg4 17. Ne5 Nb4 18. Be4 Qxd4 19. Nxg4 b6 20. Qe3 Qc4 21.
Qe2 Qxe2+ 22. Kxe2 Ba6+ 23. Kf3 Rad8 24. h5 Bd3 25. Nf6+ Bxf6 26. gxf6 Nc2 27.
Bh6 Bxe4+ 28. Kxe4 Rd4+ 29. Kf3 Nxa1 30. Bxf8 Kxf8 31. hxg6 fxg6 32. Rxa1 Kf7
33. Rc1 Rd7 34. Ke3 Kxf6 35. Rc4 g5 36. b3 Kf5 37. Rc6 Rg7 38. a4 g4 39. Kd4
e5+ 40. Kc4 e4 41. Kb5 e3 42. fxe3 g3 43. Rc1 Ke4 44. b4 g2 45. Rg1 Kxe3 0-1

[Event "3. Ashdod International Chess Tournamen"]
[Site "Ashdod ISR"]
[Date "2006.09.13"]
[Round "3.4"]
[White "Kogan, Artur"]
[Black "Kaplan, Sasha"]
[Result "1-0"]
[WhiteElo "2567"]
[BlackElo "2345"]
[PlyCount "69"]
[EventDate "2006.09.11"]
[EventType "swiss"]
[EventRounds "9"]
[EventCountry "ISR"]
[Source "lmi"]
[SourceDate "2006.09.11"]

1. e4 e5 2. Nf3 Nc6 3. Bc4 Nf6 4. d3 Bc5 5. Nc3 d6 6. Bg5 h6 7. Bxf6 Qxf6 8.
Nd5 Qd8 9. c3 a6 10. d4 Ba7 11. dxe5 Nxe5 12. Nxe5 dxe5 13. Qh5 O-O 14. Qxe5
Re8 15. Qf4 Qd6 16. Qxd6 Rxe4+ 17. Ne3 cxd6 18. Bd5 Re7 19. O-O-O Bxe3+ 20.
fxe3 Be6 21. Bf3 Rd8 22. a4 Bf5 23. Rd4 Rxe3 24. Rhd1 b6 25. Rxd6 Rxd6 26. Rxd6
Re6 27. Rd8+ Kh7 28. b4 g5 29. Kd2 Kg6 30. c4 a5 31. Bd5 Rf6 32. bxa5 bxa5 33.
c5 Ra6 34. Bb7 Ra7 35. c6 1-0

[Event "3. Ashdod International Chess Tournamen"]
[Site "Ashdod ISR"]
[Date "2006.09.13"]
[Round "3.5"]
[White "Erenburg, Sergey"]
[Black "Bykhovsky, Anatoly"]
[Result "1-0"]
[WhiteElo "2585"]
[BlackElo "2383"]
[PlyCount "65"]
[EventDate "2006.09.11"]
[EventType "swiss"]
[EventRounds "9"]
[EventCountry "ISR"]
[Source "lmi"]
[SourceDate "2006.09.11"]

1. e4 c5 2. Nf3 Nc6 3. Bb5 d6 4. O-O Bd7 5. c3 Nf6 6. Re1 a6 7. Ba4 b5 8. Bc2
Bg4 9. d3 e6 10. Nbd2 Be7 11. h3 Bh5 12. Nf1 d5 13. Ng3 Bg6 14. Nh4 dxe4 15.
dxe4 Nd7 16. Nhf5 O-O 17. Nxe7+ Nxe7 18. h4 h6 19. h5 Bh7 20. Bf4 e5 21. Be3
Qc7 22. a4 Nb6 23. Qg4 Kh8 24. Qf3 f6 25. axb5 axb5 26. Rxa8 Nxa8 27. Qe2 c4
28. Ra1 Nc6 29. Nf5 Nb6 30. Ra6 Nc8 31. Qg4 Qb7 32. Qxg7+ Qxg7 33. Nxg7 1-0

[Event "3. Ashdod International Chess Tournamen"]
[Site "Ashdod ISR"]
[Date "2006.09.13"]
[Round "3.6"]
[White "Murey, Jacob"]
[Black "Nabaty, Tamir"]
[Result "0-1"]
[WhiteElo "2482"]
[BlackElo "2265"]
[PlyCount "60"]
[EventDate "2006.09.11"]
[EventType "swiss"]
[EventRounds "9"]
[EventCountry "ISR"]
[Source "lmi"]
[SourceDate "2006.09.11"]

1. c4 Nf6 2. Nc3 c5 3. Nf3 Nc6 4. d4 cxd4 5. Nxd4 e6 6. Bf4 d5 7. Ndb5 e5 8.
cxd5 exf4 9. dxc6 bxc6 10. Qxd8+ Kxd8 11. O-O-O+ Bd7 12. Nd6 Bxd6 13. Rxd6 Ng4
14. g3 Kc7 15. Rd4 fxg3 16. fxg3 Ne3 17. Rg1 Be6 18. Bg2 Nxg2 19. Rxg2 c5 20.
Ra4 Rhd8 21. Rf2 Kb6 22. Rh4 h6 23. Rh5 Rac8 24. Rf4 a6 25. Re5 Kc6 26. Ra4 Kb6
27. Rh4 Rd4 28. Na4+ Ka7 29. Rxc5 Rxh4 30. Rxc8 Rxa4 0-1

[Event "3. Ashdod International Chess Tournamen"]
[Site "Ashdod ISR"]
[Date "2006.09.13"]
[Round "3.8"]
[White "Maryasin, Boris"]
[Black "Lerner, Konstantin Z"]
[Result "1/2-1/2"]
[WhiteElo "2332"]
[BlackElo "2523"]
[PlyCount "100"]
[EventDate "2006.09.11"]
[EventType "swiss"]
[EventRounds "9"]
[EventCountry "ISR"]
[Source "lmi"]
[SourceDate "2006.09.11"]

1. e4 c5 2. Nf3 d6 3. d4 cxd4 4. Nxd4 Nf6 5. Nc3 Nc6 6. Bc4 e6 7. Be3 a6 8. Qe2
Qc7 9. Bb3 Na5 10. g4 b5 11. g5 Nd7 12. O-O-O Nxb3+ 13. axb3 b4 14. Na4 Bb7 15.
f3 g6 16. Qd2 d5 17. Rhe1 dxe4 18. fxe4 Be7 19. e5 Rd8 20. h4 Nxe5 21. Qe2 O-O
22. Kb1 Nc6 23. Nf3 Rxd1+ 24. Rxd1 Rd8 25. Rf1 Rd5 26. Nb6 Rb5 27. Nc4 Rf5 28.
Nfd2 Nb8 29. Rxf5 gxf5 30. Bd4 Nd7 31. Ne5 Nxe5 32. Bxe5 Qc5 33. Nc4 Be4 34.
Ka2 Qd5 35. Qh2 Qd8 36. Bc7 Qd1 37. Ne3 Qh1 38. Qe5 Qxh4 39. Bb6 Qxg5 40. Bd4
f6 41. Qxe6+ Kf8 42. Qc8+ Kf7 43. Qc4+ Kg6 44. Qg8+ Kh6 45. Qe6 Qg7 46. Nxf5+
Bxf5 47. Qxf5 Qg6 48. Qe6 Qg7 49. Qf5 Qg6 50. Qe6 Qg7 1/2-1/2

[Event "3. Ashdod International Chess Tournamen"]
[Site "Ashdod ISR"]
[Date "2006.09.14"]
[Round "4.1"]
[White "Ehlvest, Jaan"]
[Black "Bitansky, Igor"]
[Result "1/2-1/2"]
[WhiteElo "2593"]
[BlackElo "2366"]
[PlyCount "103"]
[EventDate "2006.09.11"]
[EventType "swiss"]
[EventRounds "9"]
[EventCountry "ISR"]
[Source "lmi"]
[SourceDate "2006.09.11"]

1. Nf3 Nf6 2. c4 g6 3. g3 Bg7 4. Bg2 O-O 5. O-O d6 6. d4 Nc6 7. Nc3 a6 8. Qd3
Bd7 9. d5 Nb4 10. Qd1 a5 11. h3 e6 12. Bg5 h6 13. Be3 Re8 14. a3 Na6 15. dxe6
Bxe6 16. Nd4 Bxc4 17. b3 Be6 18. Qd2 Nc5 19. b4 Nb3 20. Nxb3 Bxb3 21. Bxb7 axb4
22. axb4 Rxa1 23. Rxa1 Kh7 24. Bc6 Re5 25. Ra5 Rh5 26. Bg2 Qb8 27. Rxh5 Nxh5
28. Nd5 Nf6 29. Nxf6+ Bxf6 30. Bxh6 Qb5 31. Be3 Qc4 32. Qc1 Qxc1+ 33. Bxc1 Bc3
34. Ba3 Bc4 35. e3 Kg7 36. Bc6 Kf6 37. f4 Ke6 38. Kf2 d5 39. g4 d4 40. exd4
Bxd4+ 41. Kg3 Be3 42. Be4 Bd5 43. f5+ Ke5 44. Bxd5 Kxd5 45. fxg6 fxg6 46. h4 c6
47. h5 gxh5 48. gxh5 Bd2 49. Kg4 Kc4 50. Bb2 Kxb4 51. Bg7 c5 52. h6 1/2-1/2

[Event "3. Ashdod International Chess Tournamen"]
[Site "Ashdod ISR"]
[Date "2006.09.14"]
[Round "4.2"]
[White "Nabaty, Tamir"]
[Black "Kogan, Artur"]
[Result "0-1"]
[WhiteElo "2265"]
[BlackElo "2567"]
[PlyCount "64"]
[EventDate "2006.09.11"]
[EventType "swiss"]
[EventRounds "9"]
[EventCountry "ISR"]
[Source "lmi"]
[SourceDate "2006.09.11"]

1. e4 c5 2. Nf3 Nc6 3. d4 cxd4 4. Nxd4 Nf6 5. Nc3 d6 6. Bg5 Qb6 7. Nb3 e6 8.
Bd3 Be7 9. O-O Bd7 10. Kh1 Ne5 11. a4 a6 12. a5 Qc7 13. Na4 Bc6 14. f4 Ned7 15.
Qe1 h6 16. Bh4 g5 17. Bg3 Nh5 18. f5 e5 19. Bf2 Nf4 20. Nb6 Rd8 21. Nd2 Nf6 22.
Be3 h5 23. Bxf4 gxf4 24. c4 h4 25. Qf2 Nh5 26. Rfc1 Bg5 27. Nf3 f6 28. Kg1 Ng3
29. Nxg5 fxg5 30. hxg3 hxg3 31. Qf3 Qh7 32. Kf1 g4 0-1

[Event "3. Ashdod International Chess Tournamen"]
[Site "Ashdod ISR"]
[Date "2006.09.14"]
[Round "4.3"]
[White "Zilberman, Yaacov"]
[Black "Erenburg, Sergey"]
[Result "1/2-1/2"]
[WhiteElo "2460"]
[BlackElo "2585"]
[PlyCount "20"]
[EventDate "2006.09.11"]
[EventType "swiss"]
[EventRounds "9"]
[EventCountry "ISR"]
[Source "lmi"]
[SourceDate "2006.09.11"]

1. c4 c6 2. e4 d5 3. exd5 cxd5 4. d4 Nf6 5. Nc3 g6 6. Qb3 Bg7 7. cxd5 O-O 8.
Nge2 Nbd7 9. g3 Nb6 10. Bg2 Bf5 1/2-1/2

[Event "3. Ashdod International Chess Tournamen"]
[Site "Ashdod ISR"]
[Date "2006.09.14"]
[Round "4.4"]
[White "Livshits, Gaby"]
[Black "Krush, Irina"]
[Result "1/2-1/2"]
[WhiteElo "2406"]
[BlackElo "2436"]
[PlyCount "55"]
[EventDate "2006.09.11"]
[EventType "swiss"]
[EventRounds "9"]
[EventCountry "ISR"]
[Source "lmi"]
[SourceDate "2006.09.11"]

1. e4 c5 2. Nc3 Nc6 3. Nf3 d6 4. d4 cxd4 5. Nxd4 Nf6 6. g3 g6 7. Bg2 Nxd4 8.
Qxd4 Bg7 9. O-O O-O 10. Qb4 a5 11. Qb5 Ra6 12. a4 Qc7 13. Re1 Bd7 14. Qb3 Rc8
15. e5 Rb6 16. Nb5 Bxb5 17. Be3 Ng4 18. Bxb6 Qxb6 19. Re2 Nxe5 20. Qxb5 Qc7 21.
c3 b6 22. f4 Nc4 23. Bd5 e6 24. Bxc4 Qxc4 25. Qxc4 Rxc4 26. Kf2 d5 27. Ke3 Kf8
28. Ra3 1/2-1/2

[Event "3. Ashdod International Chess Tournamen"]
[Site "Ashdod ISR"]
[Date "2006.09.14"]
[Round "4.5"]
[White "Lerner, Konstantin Z"]
[Black "Kaplivatski, Alexander"]
[Result "1-0"]
[WhiteElo "2523"]
[BlackElo "2279"]
[PlyCount "53"]
[EventDate "2006.09.11"]
[EventType "swiss"]
[EventRounds "9"]
[EventCountry "ISR"]
[Source "lmi"]
[SourceDate "2006.09.11"]

1. Nf3 Nf6 2. c4 g6 3. Nc3 d5 4. Qa4+ Nc6 5. cxd5 Nxd5 6. Ne5 Nxc3 7. dxc3 Bd7
8. Nxd7 Qxd7 9. g3 Ne5 10. Qe4 O-O-O 11. Bf4 Bg7 12. Bg2 Nc6 13. O-O Kb8 14.
Be3 h5 15. Qa4 a6 16. Qb3 e6 17. Rfd1 Qe8 18. Rxd8+ Nxd8 19. a4 Nc6 20. Rd1 Be5
21. Qc4 Bd6 22. b4 Ne5 23. Qd4 Kc8 24. Qa7 Qxa4 25. Bxb7+ Kd7 26. Rxd6+ Kxd6
27. Qd4+ 1-0

[Event "3. Ashdod International Chess Tournamen"]
[Site "Ashdod ISR"]
[Date "2006.09.14"]
[Round "4.6"]
[White "Smirin, Ilia"]
[Black "Kaganskiy, Gleb"]
[Result "1-0"]
[WhiteElo "2659"]
[BlackElo "2349"]
[PlyCount "67"]
[EventDate "2006.09.11"]
[EventType "swiss"]
[EventRounds "9"]
[EventCountry "ISR"]
[Source "lmi"]
[SourceDate "2006.09.11"]

1. g3 d5 2. Bg2 Nf6 3. Nf3 c6 4. O-O Bg4 5. d3 Nbd7 6. Nbd2 e5 7. h3 Bh5 8. g4
Bg6 9. Nh4 Bc5 10. e3 Ng8 11. Nxg6 hxg6 12. c4 Ne7 13. cxd5 cxd5 14. Nf3 Bd6
15. Bd2 b5 16. b4 Qb6 17. a4 O-O 18. a5 Qa6 19. Qb3 Rac8 20. Ng5 Nf6 21. f4 Qc6
22. Nf3 Qc2 23. Qxc2 Rxc2 24. fxe5 Bxe5 25. Rac1 Rxc1 26. Rxc1 Nd7 27. Nxe5
Nxe5 28. Rc7 N5c6 29. Bxd5 Nxb4 30. Be4 Ned5 31. Rxa7 Rd8 32. Rb7 Nxd3 33. Bxd3
Nf6 34. a6 1-0

[Event "3. Ashdod International Chess Tournamen"]
[Site "Ashdod ISR"]
[Date "2006.09.14"]
[Round "4.7"]
[White "Kantsler, Boris"]
[Black "Sutovsky, Emil"]
[Result "0-1"]
[WhiteElo "2490"]
[BlackElo "2607"]
[PlyCount "106"]
[EventDate "2006.09.11"]
[EventType "swiss"]
[EventRounds "9"]
[EventCountry "ISR"]
[Source "lmi"]
[SourceDate "2006.09.11"]

1. d4 Nf6 2. c4 g6 3. Nf3 Bg7 4. g3 O-O 5. Bg2 d6 6. O-O Nc6 7. Nc3 Bf5 8. b3
e5 9. dxe5 dxe5 10. Nh4 Bg4 11. Ba3 Re8 12. Bxc6 bxc6 13. Qxd8 Raxd8 14. Rad1
e4 15. Rxd8 Rxd8 16. Be7 Re8 17. Bb4 Nd7 18. Rc1 Bxc3 19. Bxc3 Bxe2 20. Re1 Bd3
21. Ng2 g5 22. h4 f6 23. Rd1 gxh4 24. Nxh4 Ne5 25. Bxe5 fxe5 26. Rd2 Rd8 27.
Nf5 Kf7 28. Ne3 Ke6 29. c5 Rd4 30. Kg2 h5 31. Kh3 Kf6 32. Kh4 Kg6 33. Rb2 a5
34. a3 Ba6 35. Kh3 Kg5 36. Kg2 Rd3 37. a4 Rd4 38. Rc2 Bd3 39. Rd2 Rb4 40. Rb2
h4 41. gxh4+ Kxh4 42. Nf5+ Kg4 43. Ne7 Rb8 44. Nxc6 Rh8 45. Kg1 Rg8 46. Kh2 Rg5
47. Nxa5 Kf3 48. Nc6 Be2 49. a5 Kxf2 50. Rxe2+ Kxe2 51. a6 Kf2 52. Kh3 Rg3+ 53.
Kh4 Rxb3 0-1

[Event "3. Ashdod International Chess Tournamen"]
[Site "Ashdod ISR"]
[Date "2006.09.14"]
[Round "4.8"]
[White "Mikhalevski, Victor"]
[Black "Kudischewitsch, David"]
[Result "1-0"]
[WhiteElo "2571"]
[BlackElo "2343"]
[PlyCount "43"]
[EventDate "2006.09.11"]
[EventType "swiss"]
[EventRounds "9"]
[EventCountry "ISR"]
[Source "lmi"]
[SourceDate "2006.09.11"]

1. d4 Nf6 2. c4 c6 3. Nc3 Qa5 4. Bd2 d6 5. e4 Qb6 6. Nf3 Bg4 7. Na4 Qc7 8. Bd3
Nbd7 9. O-O c5 10. Be3 cxd4 11. Bxd4 Ne5 12. Rc1 Qd7 13. Bxe5 dxe5 14. Qb3 Bxf3
15. gxf3 Qc6 16. c5 a6 17. Nb6 Rb8 18. Bc2 e6 19. Qc3 Qc7 20. Ba4+ Ke7 21. Rcd1
g6 22. Qa5 1-0

[Event "3. Ashdod International Chess Tournamen"]
[Site "Ashdod ISR"]
[Date "2006.09.15"]
[Round "5.3"]
[White "Krush, Irina"]
[Black "Nabaty, Tamir"]
[Result "1/2-1/2"]
[WhiteElo "2436"]
[BlackElo "2265"]
[PlyCount "45"]
[EventDate "2006.09.11"]
[EventType "swiss"]
[EventRounds "9"]
[EventCountry "ISR"]
[Source "lmi"]
[SourceDate "2006.09.11"]

1. d4 Nf6 2. c4 c5 3. d5 e6 4. Nc3 exd5 5. cxd5 d6 6. e4 g6 7. f4 Bg7 8. Bb5+
Nfd7 9. a4 O-O 10. Nf3 Na6 11. O-O Nb4 12. Re1 a6 13. Bc4 Nb6 14. Be2 Bg4 15.
h3 Bxf3 16. Bxf3 c4 17. Be2 Rc8 18. Be3 Re8 19. Bf2 Nd7 20. Rc1 Qa5 21. Bf1 Nf6
22. Qf3 Nd7 23. Qd1 1/2-1/2

[Event "3. Ashdod International Chess Tournamen"]
[Site "Ashdod ISR"]
[Date "2006.09.15"]
[Round "5.5"]
[White "Kogan, Artur"]
[Black "Smirin, Ilia"]
[Result "1/2-1/2"]
[WhiteElo "2567"]
[BlackElo "2659"]
[PlyCount "72"]
[EventDate "2006.09.11"]
[EventType "swiss"]
[EventRounds "9"]
[EventCountry "ISR"]
[Source "lmi"]
[SourceDate "2006.09.11"]

1. e4 c5 2. Nf3 e6 3. d4 cxd4 4. Nxd4 a6 5. Bd3 Nf6 6. O-O d6 7. c4 b6 8. Nc3
Bb7 9. Re1 g6 10. a4 Bg7 11. a5 bxa5 12. Qa4+ Nfd7 13. Be3 O-O 14. Nb3 Nc6 15.
Red1 f5 16. exf5 gxf5 17. f4 Qc7 18. Be2 Rab8 19. Nxa5 Nc5 20. Qa3 Nxa5 21.
Qxa5 Qc6 22. Bf3 Qc8 23. Bxb7 Qxb7 24. Bxc5 dxc5 25. Qxa6 Qxa6 26. Rxa6 Rxb2
27. Nb5 Rc2 28. Nc7 Bd4+ 29. Kh1 Rxc4 30. Nxe6 Rb8 31. h3 Be3 32. Rc6 Bf2 33.
Rc7 Rc3 34. Rg7+ Kh8 35. Rdd7 Rb1+ 36. Kh2 Bg1+ 1/2-1/2

[Event "3. Ashdod International Chess Tournamen"]
[Site "Ashdod ISR"]
[Date "2006.09.15"]
[Round "5.6"]
[White "Bitansky, Igor"]
[Black "Lerner, Konstantin Z"]
[Result "1/2-1/2"]
[WhiteElo "2366"]
[BlackElo "2523"]
[PlyCount "62"]
[EventDate "2006.09.11"]
[EventType "swiss"]
[EventRounds "9"]
[EventCountry "ISR"]
[Source "lmi"]
[SourceDate "2006.09.11"]

1. e4 c5 2. Nf3 d6 3. Bc4 Nf6 4. d3 Nc6 5. O-O e6 6. Bb3 Na5 7. Ba4+ Bd7 8. c3
Bxa4 9. Qxa4+ Nc6 10. Re1 Be7 11. a3 a6 12. Qc2 O-O 13. Bg5 h6 14. Bh4 Rc8 15.
h3 Nh5 16. Bxe7 Qxe7 17. Nbd2 Nf4 18. Kh2 Rfd8 19. Rad1 b5 20. g3 Ng6 21. Kg2
d5 22. Nf1 dxe4 23. Rxe4 Qb7 24. Qe2 Nce7 25. Kh2 Nd5 26. d4 Nf6 27. Re3 c4 28.
Ne5 Nd5 29. Re4 Nf6 30. Re3 Nxe5 31. Rxe5 Rd5 1/2-1/2